000 00204nam a22000977a 4500
999 _c263148
_d263147
020 _a9780545873284
100 _aMichael price
245 _aStar War
260 _aNew York
_bScholastic
_c2016
942 _cBK